000 00305nam a22001337a 4500
008 170602b xxu||||| |||| 00| 0 eng d
020 _a9780534631475
041 _aeng
080 _29TH
_a94(100)
100 _a17
101 _aSHH
245 _aWHY NATIONS GO TO WAR
_cSTOESSINGER,J.G
942 _2udc
_cBK
999 _c15649
_d15649